<?xml version="1.0" encoding="UTF-8"?><?xml-stylesheet type="text/xsl" href="static/style.xsl"?><OAI-PMH xmlns="http://www.openarchives.org/OAI/2.0/" xmlns:xsi="http://www.w3.org/2001/XMLSchema-instance" xsi:schemaLocation="http://www.openarchives.org/OAI/2.0/ http://www.openarchives.org/OAI/2.0/OAI-PMH.xsd"><responseDate>2026-04-29T17:09:31Z</responseDate><request verb="GetRecord" identifier="oai:repisalud.isciii.es:20.500.12105/17627" metadataPrefix="marc">https://repisalud.isciii.es/rest/oai/request</request><GetRecord><record><header><identifier>oai:repisalud.isciii.es:20.500.12105/17627</identifier><datestamp>2024-02-08T14:41:48Z</datestamp><setSpec>com_20.500.12105_15322</setSpec><setSpec>com_20.500.12105_2051</setSpec><setSpec>col_20.500.12105_16927</setSpec></header><metadata><record xmlns="http://www.loc.gov/MARC21/slim" xmlns:dcterms="http://purl.org/dc/terms/" xmlns:doc="http://www.lyncode.com/xoai" xmlns:xsi="http://www.w3.org/2001/XMLSchema-instance" xsi:schemaLocation="http://www.loc.gov/MARC21/slim http://www.loc.gov/standards/marcxml/schema/MARC21slim.xsd">
   <leader>00925njm 22002777a 4500</leader>
   <datafield ind2=" " ind1=" " tag="042">
      <subfield code="a">dc</subfield>
   </datafield>
   <datafield ind2=" " ind1=" " tag="720">
      <subfield code="a">Serrano-Ibáñez, Elena R</subfield>
      <subfield code="e">author</subfield>
   </datafield>
   <datafield ind2=" " ind1=" " tag="720">
      <subfield code="a">Ramírez-Maestre, Carmen</subfield>
      <subfield code="e">author</subfield>
   </datafield>
   <datafield ind2=" " ind1=" " tag="720">
      <subfield code="a">López-Martínez, Alicia E</subfield>
      <subfield code="e">author</subfield>
   </datafield>
   <datafield ind2=" " ind1=" " tag="720">
      <subfield code="a">Esteve, Rosa</subfield>
      <subfield code="e">author</subfield>
   </datafield>
   <datafield ind2=" " ind1=" " tag="720">
      <subfield code="a">Ruiz-Párraga, Gema T</subfield>
      <subfield code="e">author</subfield>
   </datafield>
   <datafield ind2=" " ind1=" " tag="720">
      <subfield code="a">Jensen, Mark P</subfield>
      <subfield code="e">author</subfield>
   </datafield>
   <datafield ind2=" " ind1=" " tag="260">
      <subfield code="c">2018-09-10</subfield>
   </datafield>
   <datafield ind2=" " ind1=" " tag="520">
      <subfield code="a">Gray's Reinforcement Sensitivity Theory postulates two distinct neurophysiological systems that underlie thoughts, emotions, and behavior: the Behavioral Inhibition System (BIS) and the Behavioral Approach System (BAS). Preliminary research suggests that both systems may play relevant roles in the adjustment of individuals with chronic pain. However, there is a lack of research on the extent to which emotional regulation (i.e., cognitive reappraisal and expressive suppression) mediates the associations between BIS and BAS activation and emotional responses in individuals with chronic pain. The aim of this study was to test a model of the associations between the BIS and BAS, cognitive reappraisal and expressive suppression, and positive and negative affect in individuals with chronic musculoskeletal pain. In total, 516 participants were interviewed. Structural Equation Modeling was used to estimate the associations between variables. The empirical model showed a good fit to the data (χ2/df = 1.95; RMSEA = 0.04; GFI = 0.99; AGFI = 0.98; CFI = 0.99). The hypothesized model received partial support. The BIS was associated with cognitive reappraisal and expressive suppression; cognitive reappraisal was associated with negative and positive affect; expressive suppression was positively associated with affect; and the BAS was not associated with the emotional regulation strategies assessed. However, the BIS and BAS were both directly associated with negative and positive affect. The results suggest that individuals with chronic pain with higher BIS activation appear to use greater expressive suppression. Cognitive reappraisal strongly mediated the BIS-negative affect association. The results also suggest that BAS activation may have a weak or inconsistent association with emotional regulation approaches in individuals with chronic pain. These data provide new and relevant information on the potential role of the BIS and BAS as predictors of psychological functioning in individuals with chronic pain. They suggest that the BIS-BAS model of chronic pain may need to be modified to take into account the potential negative effects of BAS activation. The findings suggest that treatments for emotional regulation could potentially reduce the negative impact of chronic pain via BIS.</subfield>
   </datafield>
   <datafield ind1="8" ind2=" " tag="024">
      <subfield code="a">10.3389/fpsyt.2018.00394</subfield>
   </datafield>
   <datafield ind1="8" ind2=" " tag="024">
      <subfield code="a">1664-0640</subfield>
   </datafield>
   <datafield ind1="8" ind2=" " tag="024">
      <subfield code="a">Frontiers in psychiatry</subfield>
   </datafield>
   <datafield ind1="8" ind2=" " tag="024">
      <subfield code="a">http://hdl.handle.net/10668/12991</subfield>
   </datafield>
   <datafield ind1="8" ind2=" " tag="024">
      <subfield code="a">30250434</subfield>
   </datafield>
   <datafield ind1="8" ind2=" " tag="024">
      <subfield code="a">http://hdl.handle.net/20.500.12105/17627</subfield>
   </datafield>
   <datafield tag="653" ind2=" " ind1=" ">
      <subfield code="a">Behavioral activation system</subfield>
   </datafield>
   <datafield tag="653" ind2=" " ind1=" ">
      <subfield code="a">Behavioral inhibition system</subfield>
   </datafield>
   <datafield tag="653" ind2=" " ind1=" ">
      <subfield code="a">Chronic pain</subfield>
   </datafield>
   <datafield tag="653" ind2=" " ind1=" ">
      <subfield code="a">Cognitive reappraisal</subfield>
   </datafield>
   <datafield tag="653" ind2=" " ind1=" ">
      <subfield code="a">Emotional regulation</subfield>
   </datafield>
   <datafield tag="653" ind2=" " ind1=" ">
      <subfield code="a">Expressive suppression</subfield>
   </datafield>
   <datafield tag="653" ind2=" " ind1=" ">
      <subfield code="a">Negative affect</subfield>
   </datafield>
   <datafield tag="653" ind2=" " ind1=" ">
      <subfield code="a">Positive affect</subfield>
   </datafield>
   <datafield ind2="0" ind1="0" tag="245">
      <subfield code="a">Behavioral Inhibition and Activation Systems, and Emotional Regulation in Individuals With Chronic Musculoskeletal Pain.</subfield>
   </datafield>
</record></metadata></record></GetRecord></OAI-PMH>